Inquilab: (Record no. 188650)

MARC details
000 -LEADER
fixed length control field 00600nam a22001817a 4500
005 - DATE AND TIME OF LATEST TRANSACTION
control field 20220530154526.0
010 ## - LCCN (DPL NO)
LC control number ENG-132889
020 ## - INTERNATIONAL STANDARD BOOK NUMBER
International Standard Book Number 9789352808373
Terms of availability 295.00
035 ## - SYSTEM CONTROL NUMBER
System control number EN-116421
037 ## - SOURCE OF ACQUISITION
Source of stock number/acquisition DBAD/PUB
082 ## - DEWEY DECIMAL CLASSIFICATION NUMBER
Classification number 954.0841
245 ## - TITLE STATEMENT
Title Inquilab:
Remainder of title Bhagat Singh on Religion and Revolution/
Statement of responsibility, etc Edited by S Irfan Habib
260 ## - PUBLICATION, DISTRIBUTION, ETC. (IMPRINT)
Place of publication, distribution, etc New Delhi
Name of publisher, distributor, etc Sage Publications Pvt Ltd
Date of publication, distribution, etc 2018
270 ## - ADDRESS
Address B-1/I-1, Mohan Cooperative Industrial Area Mathura Road,
City New Delhi
Postal code 110044
300 ## - PHYSICAL DESCRIPTION
Extent xxi, 192p.
Dimensions 22cm(pbk)
700 ## - ADDED ENTRY--PERSONAL NAME
Personal name Habib, S Irfan
942 ## - ADDED ENTRY ELEMENTS (KOHA)
Source of classification or shelving scheme Dewey Decimal Classification
Item type English Books
Classification part 954.0841
Call number suffix INQ
Holdings
Withdrawn status Lost status Not for loan Collection code Home library Current library Date acquired Source of acquisition Cost, normal purchase price Full call number Barcode Copy number Cost, replacement price Koha item type
      Non-fiction Patel Nagar Patel Nagar 30/05/2022 DBAD/PUB 295.00 954.0841 INQ EN-116421 1 295.00 English Books

© Delhi Public Library
Hit Counter
free hit counter